| 000 | 00584nam a22001697a 4500 | ||
|---|---|---|---|
| 999 |
_c8005 _d8005 |
||
| 003 | GBCCL | ||
| 005 | 20241126110641.0 | ||
| 008 | 181123b ||||| |||| 00| 0 eng d | ||
| 040 | _cGBC | ||
| 082 |
_aARCH GBC-2018 _bVAL |
||
| 100 |
_aValte, Vumsonmung _913978 |
||
| 245 |
_aAn Analysis on the Evangelistic Approach in the Context of Evangelical Baptist Convention | _cVumsonmung Valte |
||
| 260 |
_aNew Lamka: _bGrace Bible College, _c2018 |
||
| 300 |
_aviii + 61 p.; _c21 x 30 cm. |
||
| 650 |
_aMinistry _vEvangelistic Approach _xEvangelical Baptist Convention _913979 |
||
| 942 |
_2ddc _cTH |
||